000 00377nam a2200145Ia 4500
008 151213s9999 xx 000 0 und d
100 _aGlen R. Jaarboe
245 _aThe Marketing Research : Project Manual
_cGlen R. Jaarboe
260 _aNew York
_bWest
_c1991
300 _a2937 p.
650 _aMarketing
650 _aMarketing
700 _aGlen R. Jaarboe
999 _c2024
_d2024